书目信息 |
| 题名: |
幼儿情绪智力的发展与培养
|
|
| 作者: | 李燕 主编 | |
| 分册: | ||
| 出版信息: | 北京 中国轻工业出版社 2002 |
|
| 页数: | 248页 | |
| 开本: | 20cm | |
| 丛书名: | ||
| 单 册: | ||
| 中图分类: | G61 , B842 | |
| 科图分类: | ||
| 主题词: | 婴幼儿--情绪--智力商数--能力培养 , 心理过程 , 心理状态 | |
| 电子资源: | ||
| ISBN: | 7-5019-3903-9 | |
| 000 | 00865nam0 2200253 450 | |
| 001 | 1534016382 | |
| 005 | 20150126092740.70 | |
| 010 | @a7-5019-3903-9@dCNY15.00 | |
| 100 | @a20030416d2002----em-y0chiy0110----ea | |
| 101 | 0 | @achi |
| 102 | @aCN@b110000 | |
| 105 | @ay---z---000yy | |
| 200 | 1 | @a幼儿情绪智力的发展与培养@9you er qing xu zhi li de fa zhan yu pei yang@f李燕主编 |
| 210 | @a北京@c中国轻工业出版社@d2002 | |
| 215 | @a248页@d20cm | |
| 330 | @a本书主要阐述了情绪智力理论、幼儿情绪智力的发展特点及其影响因素,以及如何培养和发展幼儿的情绪智力,从而指导教师及家长学习如何通过科学、有效的途径对幼儿进行情绪教育和引导。 | |
| 606 | 0 | @a婴幼儿@x情绪@x智力商数@x能力培养 |
| 606 | 0 | @a心理过程 |
| 606 | 0 | @a心理状态 |
| 690 | @aG61@v5 | |
| 690 | @aB842@v4 | |
| 701 | 0 | @a李燕@9li yan@c(教师)@4主编 |
| 801 | 0 | @aCN@bTSSF@c20150126 |
| 905 | @aZUCC@dB842@eJY1064 | |
| 幼儿情绪智力的发展与培养/李燕主编.-北京:中国轻工业出版社,2002 |
| 248页;20cm |
| ISBN 7-5019-3903-9:CNY15.00 |
| 本书主要阐述了情绪智力理论、幼儿情绪智力的发展特点及其影响因素,以及如何培养和发展幼儿的情绪智力,从而指导教师及家长学习如何通过科学、有效的途径对幼儿进行情绪教育和引导。 |
| ● |
| 相关链接 |
|
|
|
|
正题名:幼儿情绪智力的发展与培养
索取号:B842/JY1064
 
预约/预借
| 序号 | 登录号 | 条形码 | 馆藏地/架位号 | 状态 | 备注 |
| 1 | 7845034 | 278450347 | 学院路分馆/ [索取号:B842/JY1064] | 在馆 | |
| 2 | 7845035 | 278450356 | 学院路分馆/ [索取号:B842/JY1064] | 在馆 | |
| 3 | 7845036 | 278450365 | 学院路分馆/ [索取号:B842/JY1064] | 在馆 | |
| 4 | 7845037 | 278450374 | 学院路分馆/ [索取号:B842/JY1064] | 在馆 | |
| 5 | 7857215 | 278572153 | 学院路分馆/ [索取号:B842/JY1064] | 在馆 |